| 000 | 00700nam a2200253 i 4500 | ||
|---|---|---|---|
| 001 | 18301 | ||
| 003 | ES-MaACL | ||
| 007 | t| | ||
| 008 | 011122s1976 fr ||||1| fre d | ||
| 020 | _a2-234-00270-2 | ||
| 080 | _a929 Noirot, Paul | ||
| 080 | _a929(44)"19":330.85 | ||
| 100 | 1 |
_aNoirot, Paul. _985904 |
|
| 245 | 1 | 3 |
_aLa mémoire ouverte / _cPaul Noirot. |
| 260 |
_aParis : _bStock, _c1976. |
||
| 300 |
_a368 p. ; _c23 cm. |
||
| 490 | 1 | _aLes grands sujets | |
| 500 | _aBiblioteca Juan Andrade. | ||
| 600 | 1 | 4 |
_aNoirot, Paul. _985904 |
| 650 | 1 | 4 |
_aComunistas- _zFrancia. _911234 |
| 830 | 0 |
_aLes grands sujets _9228787 |
|
| 852 |
_aES-MaACL _jAND-163 _bR.109463 |
||
| 999 |
_c18301 _d18301 |
||